[Event "POL-chT 2nd League"]
[Site "Lublin"]
[Date "2006.09.08"]
[Round "7.74"]
[White "Balandynowicz, Wojciech"]
[Black "Kos, Pawel"]
[Result "0-1"]
[WhiteElo "1993"]
[BlackElo "2253"]
[PlyCount "58"]
[EventDate "2006.09.02"]
[EventType "team-swiss"]
[EventRounds "9"]
[EventCountry "POL"]
[SourceTitle "EXT 2019"]
[Source "ChessBase"]
[SourceDate "2018.10.10"]
[SourceVersion "1"]
[SourceVersionDate "2018.10.10"]
[SourceQuality "1"]
[WhiteTeam "Stara Wies Parnas"]
[BlackTeam "Pultusk Nadnarwianka"]
[WhiteTeamCountry "POL"]
[BlackTeamCountry "POL"]

1. d4 Nf6 2. c4 g6 3. Nc3 d5 4. cxd5 Nxd5 5. Nf3 Bg7 6. e4 Nxc3 7. bxc3 c5 8. Rb1 Nc6 9. d5 Ne5 10. c4 Nxf3+ 11. Qxf3 Qa5+ 12. Bd2 Qxa2 13. Qd3 f5 14. f3 fxe4 15. fxe4 0-0 16. Be2 b6 17. Qb3 Qxb3 18. Rxb3 Bd7 19. Bg5 h6 20. Bxe7 Rfe8 21. d6 a5 22. e5 Bxe5 23. Bf3 a4 24. Bxa8 axb3 25. Bd5+ Kg7 26. Rf1 Bxd6 27. Rf7+ Kh8 28. Rf8+ Rxf8 29. Bxd6 Re8+ 0-1

[Event "POL-chT 2nd League"]
[Site "Lublin"]
[Date "2006.09.07"]
[Round "6.98"]
[White "Gunajew, Rafal"]
[Black "Balandynowicz, Wojciech"]
[Result "0-1"]
[WhiteElo "2266"]
[BlackElo "1993"]
[PlyCount "80"]
[EventDate "2006.09.02"]
[EventType "team-swiss"]
[EventRounds "9"]
[EventCountry "POL"]
[SourceTitle "EXT 2019"]
[Source "ChessBase"]
[SourceDate "2018.10.10"]
[SourceVersion "1"]
[SourceVersionDate "2018.10.10"]
[SourceQuality "1"]
[WhiteTeam "Krakow KKSz"]
[BlackTeam "Stara Wies Parnas"]
[WhiteTeamCountry "POL"]
[BlackTeamCountry "POL"]

1. e4 c6 2. d4 d5 3. Nc3 dxe4 4. Nxe4 Bf5 5. Ng3 Bg6 6. h4 h6 7. f4 e6 8. h5 Bh7 9. Nf3 Nd7 10. Bd3 Bxd3 11. Qxd3 Ngf6 12. Bd2 Qc7 13. 0-0-0 0-0-0 14. Qe2 c5 15. Ne5 Nxe5 16. dxe5 Nd5 17. c4 Ne7 18. Bc3 Rxd1+ 19. Rxd1 Nc6 20. Ne4 Rg8 21. Qd3 Qd8 22. Nd6+ Bxd6 23. exd6 Kd7 24. Qh7 Qf8 25. f5 e5 26. f6 g6 27. Rd5 Rh8 28. Qg7 Qxg7 29. fxg7 Rg8 30. Rxc5 Kxd6 31. b4 Rxg7 32. Rd5+ Ke6 33. b5 Nd4 34. Bxd4 exd4 35. g4 gxh5 36. gxh5 Rg2 37. a4 Ra2 38. Rxd4 Rxa4 39. Kb2 a6 40. bxa6 Rxa6 0-1

[Event "POL-ch U16"]
[Site "Leba"]
[Date "2006.03.31"]
[Round "9"]
[White "Czachor, Grzegorz"]
[Black "Balandynowicz, Wojciech"]
[Result "1-0"]
[WhiteElo "1986"]
[BlackElo "1992"]
[PlyCount "39"]
[EventDate "2006.03.25"]
[EventType "swiss"]
[EventRounds "11"]
[EventCountry "POL"]
[SourceTitle "CBM 111 Extra"]
[Source "ChessBase"]
[SourceDate "2006.05.09"]
[SourceVersion "1"]
[SourceVersionDate "2006.05.09"]
[SourceQuality "1"]

1. e4 c6 2. d4 d5 3. e5 Bf5 4. Be3 e6 5. Nd2 Nd7 6. f4 h5 7. Ngf3 Qb6 8. Nb3 Be7 9. Be2 Nh6 10. h3 Bg6 11. 0-0 Nf5 12. Bf2 0-0-0 13. a4 h4 14. a5 Qc7 15. Nc5 Nxc5 16. dxc5 Kd7 17. Re1 Ng3 18. Bd3 Bxd3 19. Qxd3 Ne4 20. Rxe4 1-0

[Event "POL-ch U16"]
[Site "Leba"]
[Date "2006.03.26"]
[Round "3"]
[White "Balandynowicz, Wojciech"]
[Black "Fistek, Dariusz"]
[Result "0-1"]
[WhiteElo "1992"]
[BlackElo "2083"]
[PlyCount "80"]
[EventDate "2006.03.25"]
[EventType "swiss"]
[EventRounds "11"]
[EventCountry "POL"]
[SourceTitle "CBM 111 Extra"]
[Source "ChessBase"]
[SourceDate "2006.05.09"]
[SourceVersion "1"]
[SourceVersionDate "2006.05.09"]
[SourceQuality "1"]

1. d4 Nf6 2. c4 g6 3. Nc3 Bg7 4. e4 d6 5. f3 0-0 6. Be3 Nc6 7. Bd3 a6 8. Nge2 Rb8 9. Rb1 e5 10. d5 Ne7 11. Ng3 Ne8 12. Qd2 f5 13. exf5 gxf5 14. Bf2 Nf6 15. 0-0 Qe8 16. Rfe1 Nh5 17. Nce2 Rf6 18. Nxh5 Qxh5 19. Ng3 Qf7 20. f4 Rg6 21. Be2 exf4 22. Qxf4 Be5 23. Qf3 f4 24. Bd3 Rg7 25. Nf1 Bg4 26. Qe4 Qh5 27. g3 Bf3 28. Be2 Bxe4 29. Bxh5 Bxb1 30. Rxb1 fxg3 31. Nxg3 Nf5 32. Kg2 Nxg3 33. hxg3 Rf8 34. g4 Rf5 35. Rh1 Rxh5 36. Rxh5 Rxg4+ 37. Kf3 Rxc4 38. Rh4 Rxh4 39. Bxh4 Bxb2 40. Bd8 c6 0-1